<?xml version="1.0" encoding="UTF-8"?>
<record
    xmlns:xsi="http://www.w3.org/2001/XMLSchema-instance"
    xsi:schemaLocation="http://www.loc.gov/MARC21/slim http://www.loc.gov/standards/marcxml/schema/MARC21slim.xsd"
    xmlns="http://www.loc.gov/MARC21/slim">

  <leader>02906cam a2200361 i 4500</leader>
  <datafield tag="999" ind1=" " ind2=" ">
    <subfield code="c">44</subfield>
    <subfield code="d">44</subfield>
  </datafield>
  <controlfield tag="001">20804590</controlfield>
  <controlfield tag="003">OSt</controlfield>
  <controlfield tag="005">20260330100443.0</controlfield>
  <controlfield tag="008">181230s2019    nju      b    001 0 eng c</controlfield>
  <datafield tag="010" ind1=" " ind2=" ">
    <subfield code="a">  2018052533</subfield>
  </datafield>
  <datafield tag="020" ind1=" " ind2=" ">
    <subfield code="a">9781119229254</subfield>
    <subfield code="q">(paperback)</subfield>
  </datafield>
  <datafield tag="040" ind1=" " ind2=" ">
    <subfield code="a">LBSOR/DLC</subfield>
    <subfield code="b">eng</subfield>
    <subfield code="c">LBSOR</subfield>
    <subfield code="e">rda</subfield>
    <subfield code="d">DLC</subfield>
  </datafield>
  <datafield tag="042" ind1=" " ind2=" ">
    <subfield code="a">pcc</subfield>
  </datafield>
  <datafield tag="050" ind1="0" ind2="0">
    <subfield code="a">HD49.3</subfield>
    <subfield code="b">.S435 2019</subfield>
  </datafield>
  <datafield tag="082" ind1="0" ind2="0">
    <subfield code="a">658.4</subfield>
    <subfield code="b">S451 2019</subfield>
    <subfield code="2">23</subfield>
  </datafield>
  <datafield tag="100" ind1="1" ind2=" ">
    <subfield code="a">Seeger, Matthew W.</subfield>
    <subfield code="q">(Matthew Wayne),</subfield>
    <subfield code="d">1957-</subfield>
    <subfield code="e">author.</subfield>
  </datafield>
  <datafield tag="245" ind1="1" ind2="0">
    <subfield code="a">Communication in times of trouble :</subfield>
    <subfield code="b">best practices for crisis and emergency risk communication /</subfield>
    <subfield code="c">Matthew W. Seeger, Timothy L. Sellnow.</subfield>
  </datafield>
  <datafield tag="250" ind1=" " ind2=" ">
    <subfield code="a">1st edition.</subfield>
  </datafield>
  <datafield tag="264" ind1=" " ind2="1">
    <subfield code="a">Hoboken, NJ :</subfield>
    <subfield code="b">Wiley-Blackwell,</subfield>
    <subfield code="c">[2019]</subfield>
  </datafield>
  <datafield tag="300" ind1=" " ind2=" ">
    <subfield code="a">x, 139 pages ;</subfield>
    <subfield code="c">24 cm</subfield>
  </datafield>
  <datafield tag="336" ind1=" " ind2=" ">
    <subfield code="a">text</subfield>
    <subfield code="b">txt</subfield>
    <subfield code="2">rdacontent</subfield>
  </datafield>
  <datafield tag="337" ind1=" " ind2=" ">
    <subfield code="a">unmediated</subfield>
    <subfield code="b">n</subfield>
    <subfield code="2">rdamedia</subfield>
  </datafield>
  <datafield tag="338" ind1=" " ind2=" ">
    <subfield code="a">volume</subfield>
    <subfield code="b">nc</subfield>
    <subfield code="2">rdacarrier</subfield>
  </datafield>
  <datafield tag="504" ind1=" " ind2=" ">
    <subfield code="a">Includes bibliographical references and index.</subfield>
  </datafield>
  <datafield tag="505" ind1="0" ind2=" ">
    <subfield code="a">Process approach : take a process approach to crisis communication -- Pre-event planning : engage in pre-event planning for crisis communication -- Partnerships : form stakeholder partnerships with publics -- Public concern : listen to and acknowledge concerns of publics -- Honesty : communication with honesty, frankness, and openness -- Collaborate : collaborate and coordinate with credible sources -- Media access : meet the needs of the media and remain accessible -- Compassion : communicate with compassion -- Uncertainty : accept uncertainty and ambiguity -- Empowerment : communicate messages of empowerment.</subfield>
  </datafield>
  <datafield tag="520" ind1=" " ind2=" ">
    <subfield code="a">"This book expands the focus by taking a 'best practices' approach to crisis communication and emergency risk communication, including an extensive discussion of how risks are identified and managed as part of crisis planning and recovery, as well as audience analysis, pre- and long-term post-crisis recovery, and the return to risk assessment and crisis planning. In addition, the added focus on emergencies, those threatening events that happen with greater frequency than full-blown crises, makes this book more appealing for practitioners than a book dedicated solely to crisis communication. Moreover, the added focus on emergencies includes naturally occurring events such as earthquakes, tornadoes, hurricanes, tsunamis, epidemics, and pandemics. In existing crisis communication texts, these events are generally not covered in detail"--</subfield>
    <subfield code="c">Provided by publisher.</subfield>
  </datafield>
  <datafield tag="650" ind1=" " ind2="0">
    <subfield code="a">Communication in crisis management.</subfield>
  </datafield>
  <datafield tag="700" ind1="1" ind2=" ">
    <subfield code="a">Sellnow, Timothy L.</subfield>
    <subfield code="q">(Timothy Lester),</subfield>
    <subfield code="d">1960-</subfield>
    <subfield code="e">author.</subfield>
  </datafield>
  <datafield tag="776" ind1="0" ind2="8">
    <subfield code="i">Online version:</subfield>
    <subfield code="a">Seeger, Matthew W. (Matthew Wayne), 1957- author.</subfield>
    <subfield code="t">Communication in times of trouble</subfield>
    <subfield code="b">1st edition.</subfield>
    <subfield code="d">Hoboken, NJ : Wiley-Blackwell, [2019]</subfield>
    <subfield code="z">9781119229261</subfield>
    <subfield code="w">(DLC) 2019001384</subfield>
  </datafield>
  <datafield tag="906" ind1=" " ind2=" ">
    <subfield code="a">7</subfield>
    <subfield code="b">cbc</subfield>
    <subfield code="c">orignew</subfield>
    <subfield code="d">1</subfield>
    <subfield code="e">ecip</subfield>
    <subfield code="f">20</subfield>
    <subfield code="g">y-gencatlg</subfield>
  </datafield>
  <datafield tag="942" ind1=" " ind2=" ">
    <subfield code="2">ddc</subfield>
    <subfield code="c">CIR</subfield>
    <subfield code="0">3</subfield>
  </datafield>
  <datafield tag="952" ind1=" " ind2=" ">
    <subfield code="0">0</subfield>
    <subfield code="1">0</subfield>
    <subfield code="2">ddc</subfield>
    <subfield code="4">0</subfield>
    <subfield code="7">0</subfield>
    <subfield code="8">NFIC</subfield>
    <subfield code="a">CL</subfield>
    <subfield code="b">CL</subfield>
    <subfield code="c">RES</subfield>
    <subfield code="d">2023-06-26</subfield>
    <subfield code="e">Purchased (New Century Books)</subfield>
    <subfield code="h">9729</subfield>
    <subfield code="l">3</subfield>
    <subfield code="o">658.4 S451 2019</subfield>
    <subfield code="p">9729</subfield>
    <subfield code="q">2026-03-30</subfield>
    <subfield code="r">2026-03-30</subfield>
    <subfield code="s">2026-03-30</subfield>
    <subfield code="w">2023-06-26</subfield>
    <subfield code="y">CIR</subfield>
  </datafield>
</record>
